000 nam a22 a 4500
999 _c113313
_d113313
003 BLK
005 20230308151843.0
008 180409b bul|||||r ||||||| ||bul||
010 _aKNG00118714000
020 _a954-404-028-5
040 _aBLK
041 _aBUL
_cBUL
080 _a?Литература на ЮАР
_b896(680)
_x-31
_z896(680)-31
100 1 _aСмит, Уилбър Едисън
_eпърви автор
_9242238
139 _aСмит, Уилбър Едисън
_bС 47
245 1 0 _aЗлатната лисица
_bРоман
_cУилбър Едисън Смит; прев. от англ. Евгения Петкова; прев. от англ. Диана Иванова Веселинова; прев. от англ. Ирина Ненчева Васева.
257 _aRSA
260 _aСофия
_bВедрина
_c1992
300 _a590 с.
_c20 см
380 _aX
500 _aОриг. загл. Golden Fox / Wildur Smith. - Офс. изд.
653 _aромани
700 1 _aПеткова, Евгения
_eпрев. от англ.
_9255492
700 1 _aВеселинова, Диана Иванова
_eпрев. от англ.
_9376066
700 1 _aВасева, Ирина Ненчева
_eпрев. от англ.
_9364123
852 _aЦб 170265
_bЦб
856 4 _qpdf
_i0.00
_ldisable
856 4 _qpdf
_i0.00
_ldisable
942 _cKNG
_n0
_06
_s1
944 _aCR
_c18.06.2012
_lф /
_kЛюдмила_Стоянова
944 _aED
_c30.11.2012
_lф /
999 _d113313